[Event "2BLW 2324 SG Solingen II - Düsseldorfer"]
[Site "?"]
[Date "2024.03.16"]
[Round "9.4"]
[White "Schaefer, Markus"]
[Black "Berelowitsch, Alexander"]
[Result "1/2-1/2"]
[WhiteElo "2343"]
[BlackElo "2484"]
[PlyCount "42"]
[EventDate "2024.??.??"]

1. e4 e6 2. d4 d5 3. Nd2 c5 4. Ngf3 Nc6 5. exd5 exd5 6. Bb5 Qe7+ 7. Be2 Qc7 8. O-O Nf6 9. Re1 cxd4 10. Nb3 Bb4 11. Bd2 Bxd2 12. Qxd2 O-O 13. Nfxd4 Re8 14. Bd3 Bd7 15. Nb5 Qb6 16. Qf4 Rad8 17. a3 h6 18. Nc3 Rxe1+ 19. Rxe1 Re8 20. Rxe8+ Bxe8 21. h3 Qd8 1/2-1/2

[Event "2BLW 2324 SG Solingen II - Düsseldorfer"]
[Site "?"]
[Date "2024.03.16"]
[Round "9.5"]
[White "Orlov, Andrey"]
[Black "Berg, Michael"]
[Result "1-0"]
[WhiteElo "2489"]
[BlackElo "2275"]
[PlyCount "59"]
[EventDate "2024.??.??"]

1. e4 c5 2. Nf3 e6 3. b3 Nf6 4. e5 Nd5 5. Bb2 Be7 6. g3 O-O 7. Bg2 Nc6 8. O-O b5 9. d3 Bb7 10. c4 Nc7 11. Nc3 f5 12. exf6 Bxf6 13. Qe2 Rb8 14. Rad1 Ne7 15. Rfe1 Bxf3 16. Bxf3 Nf5 17. Be4 b4 18. Na4 d6 19. Bxf5 exf5 20. d4 cxd4 21. Qd3 f4 22. Bxd4 fxg3 23. hxg3 Ra8 24. Be3 Be7 25. Bf4 Re8 26. c5 d5 27. Bxc7 Qxc7 28. Qxd5+ Kh8 29. Qf7 h6 30. Re6 1-0

[Event "2BLW 2324 SG Solingen II - Düsseldorfer"]
[Site "?"]
[Date "2024.03.16"]
[Round "9.6"]
[White "Gupta, Milon"]
[Black "Levin, Felix"]
[Result "1/2-1/2"]
[WhiteElo "2175"]
[BlackElo "2434"]
[PlyCount "50"]
[EventDate "2024.??.??"]

1. Nf3 d5 2. e3 Nf6 3. b3 e6 4. Bb2 Bd6 5. d4 c5 6. dxc5 Bxc5 7. Bd3 O-O 8. Nbd2 Nc6 9. a3 a5 10. O-O b6 11. c4 Bb7 12. Qb1 h6 13. Rd1 dxc4 14. Nxc4 Qe7 15. Nfe5 Rfd8 16. Qc2 Nxe5 17. Nxe5 Rac8 18. Qe2 Bd5 19. Bc4 Ba8 20. Ba6 Rxd1+ 21. Rxd1 Rd8 22. Rxd8+ Qxd8 23. Qd3 Qe7 24. a4 Nd5 25. Bb5 Qc7 1/2-1/2

[Event "2BLW 2324 SG Solingen II - Düsseldorfer"]
[Site "?"]
[Date "2024.03.16"]
[Round "9.7"]
[White "Braun, Christian"]
[Black "Peschel, Andreas"]
[Result "1-0"]
[WhiteElo "2406"]
[BlackElo "2027"]
[PlyCount "88"]
[EventDate "2024.??.??"]

1. e4 g6 2. Nf3 Bg7 3. g3 d5 4. exd5 Qxd5 5. Bg2 Nf6 6. O-O O-O 7. Re1 Qd8 8. d3 Nc6 9. Nbd2 Bg4 10. h3 Be6 11. Nb3 a5 12. Nc5 Bc8 13. d4 Rb8 14. c3 b6 15. Nd3 Bb7 16. Bg5 Na7 17. Qe2 Re8 18. Nde5 Ne4 19. Bf4 e6 20. h4 a4 21. Qc2 Nf6 22. Qxa4 Qc8 23. Nxf7 Kxf7 24. Qxa7 Nd5 25. Ng5+ Kg8 26. Bxd5 Bxd5 27. Qxc7 Qxc7 28. Bxc7 Rb7 29. Be5 Bf8 30. Ne4 Be7 31. Nd6 Bxd6 32. Bxd6 Ra7 33. a3 Rd8 34. Bb4 b5 35. Re5 Rdd7 36. h5 Rf7 37. Bc5 Ra8 38. Rae1 Ra6 39. f4 Rf5 40. hxg6 hxg6 41. R1e2 Kg7 42. Rh2 Ra8 43. Be7 Rh8 44. Rxf5 Rxh2 1-0

[Event "2BLW 2324 SG Solingen II - Düsseldorfer"]
[Site "?"]
[Date "2024.03.16"]
[Round "9.8"]
[White "Bashylina, Luisa"]
[Black "De Gleria, Francesco"]
[Result "1-0"]
[WhiteElo "2149"]
[BlackElo "2374"]
[PlyCount "89"]
[EventDate "2024.??.??"]

1. d4 Nf6 2. c4 c5 3. d5 b5 4. cxb5 a6 5. e3 g6 6. Nc3 Bg7 7. Nf3 d6 8. a4 O-O 9. e4 Nbd7 10. h3 axb5 11. Bxb5 Ba6 12. Bxa6 Rxa6 13. O-O Qa8 14. Qc2 Rb8 15. Rb1 Rb4 16. b3 c4 17. Be3 cxb3 18. Rxb3 Rc4 19. Qd3 Rxc3 20. Rxc3 Nxe4 21. Rc7 Nec5 22. Qb5 Rb6 23. Qc4 Ra6 24. Bxc5 Nxc5 25. Rxe7 Bf6 26. Rc7 Rxa4 27. Qb5 Ra6 28. Re1 Kg7 29. Rc6 Ra5 30. Qe2 Na4 31. Qd2 Nb2 32. Rec1 Ra2 33. Qe3 Qa4 34. Rc7 Ra1 35. Rxa1 Qxa1+ 36. Qc1 Qa3 37. Qc6 Nd3 38. Qb7 Qa1+ 39. Kh2 Ne5 40. Nxe5 Qxe5+ 41. g3 Qe8 42. Qa7 h5 43. h4 Bb2 44. Re7 Qg8 45. Qe3 1-0

[Event "2BLW 2324 Klub Kölner SF - Aachener SV"]
[Site "?"]
[Date "2024.03.16"]
[Round "9.1"]
[White "Seel, Christian"]
[Black "Strohhaeker, Raoul"]
[Result "1-0"]
[WhiteElo "2474"]
[BlackElo "2422"]
[PlyCount "65"]
[EventDate "2024.??.??"]

1. c4 e6 2. Nf3 d5 3. g3 Nf6 4. Bg2 c5 5. cxd5 exd5 6. O-O Nc6 7. d4 Be7 8. Nc3 O-O 9. Bg5 c4 10. b3 cxb3 11. Qxb3 Na5 12. Qc2 Be6 13. Ne5 Rc8 14. Qd3 Nc4 15. Rab1 Nd6 16. Bxf6 gxf6 17. Nxd5 Bxd5 18. Bxd5 fxe5 19. dxe5 Ne8 20. Qf3 b6 21. Rfd1 Qc7 22. Rbc1 Bc5 23. e6 Ng7 24. exf7+ Kh8 25. Rc4 Rcd8 26. Rd3 Qe5 27. Rh4 Rd6 28. Be4 h6 29. Rxd6 Qxd6 30. Bc2 h5 31. Rf4 Qh6 32. Qe4 Ne6 33. Rf6 1-0

[Event "2BLW 2324 Klub Kölner SF - Aachener SV"]
[Site "?"]
[Date "2024.03.16"]
[Round "9.2"]
[White "Stork, Oliver"]
[Black "Nagy, Gabor"]
[Result "1/2-1/2"]
[WhiteElo "2329"]
[BlackElo "2436"]
[PlyCount "63"]
[EventDate "2024.??.??"]

1. c4 Nf6 2. Nc3 c5 3. Nf3 Nc6 4. e3 e6 5. d4 d5 6. cxd5 Nxd5 7. Bd3 Be7 8. O-O O-O 9. Qe2 b6 10. Rd1 cxd4 11. Nxd5 Qxd5 12. exd4 Bb7 13. Be4 Qd6 14. d5 exd5 15. Bxd5 Qc7 16. Bg5 Rae8 17. Qc4 Bc5 18. Rac1 Ne5 19. Nxe5 Qxe5 20. Bxb7 Qxg5 21. b4 Be7 22. a3 Rd8 23. Qa6 Bd6 24. g3 Bb8 25. Qc4 g6 26. Bd5 Kg7 27. Rc3 Rd7 28. Rcd3 Rfd8 29. Kg2 Qe5 30. h4 Rc7 31. Qb3 Rcd7 32. Bf3 {(=)} 1/2-1/2

[Event "2BLW 2324 Klub Kölner SF - Aachener SV"]
[Site "?"]
[Date "2024.03.16"]
[Round "9.3"]
[White "Koch, Thomas"]
[Black "Morawietz, Dieter"]
[Result "0-1"]
[WhiteElo "2434"]
[BlackElo "2383"]
[PlyCount "56"]
[EventDate "2024.??.??"]

1. d4 Nf6 2. c4 e6 3. Nf3 c5 4. d5 exd5 5. cxd5 d6 6. Nc3 g6 7. Nd2 Bg7 8. e4 O-O 9. Be2 Re8 10. O-O Nbd7 11. Qc2 Ne5 12. Rb1 Bg4 13. f4 Ned7 14. Bd3 Nh5 15. Nc4 Nb6 16. Ne3 Bd4 17. Kh1 c4 18. Nxg4 Qh4 19. Ne2 cxd3 20. Nh6+ Kf8 21. Qxd3 Bg7 22. f5 g5 23. e5 Rxe5 24. f6 Bxh6 25. Qxh7 Ke8 26. Rf3 Rxe2 27. Qg8+ Bf8 28. Bxg5 Re1+ 0-1

[Event "2BLW 2324 Klub Kölner SF - Aachener SV"]
[Site "?"]
[Date "2024.03.16"]
[Round "9.4"]
[White "Helbig, Mark"]
[Black "Lemmers, Oscar"]
[Result "1/2-1/2"]
[WhiteElo "2274"]
[BlackElo "2355"]
[PlyCount "53"]
[EventDate "2024.??.??"]

1. d4 d5 2. c4 c6 3. Nf3 Nf6 4. Nc3 dxc4 5. a4 Bf5 6. Ne5 Nbd7 7. Nxc4 Qc7 8. g3 e5 9. dxe5 Nxe5 10. Bf4 Nfd7 11. Bg2 g5 12. Ne3 gxf4 13. Nxf5 O-O-O 14. O-O fxg3 15. hxg3 h5 16. Rc1 Nc5 17. Qc2 h4 18. Nxh4 Rxh4 19. Qf5+ Kb8 20. gxh4 Be7 21. b4 Rg8 22. Qh7 Qc8 23. bxc5 Rxg2+ 24. Kxg2 Qg4+ 25. Kh2 Qf4+ 26. Kh3 Qg4+ 27. Kh2 1/2-1/2

[Event "2BLW 2324 Klub Kölner SF - Aachener SV"]
[Site "?"]
[Date "2024.03.16"]
[Round "9.5"]
[White "Klein, Felix"]
[Black "Wacker, Peter"]
[Result "1/2-1/2"]
[WhiteElo "2285"]
[BlackElo "2238"]
[PlyCount "101"]
[EventDate "2024.??.??"]

1. e4 e5 2. Nf3 Nf6 3. Nxe5 d6 4. Nf3 Nxe4 5. Nc3 Nxc3 6. dxc3 Be7 7. Be3 Nc6 8. Qd2 Be6 9. O-O-O Qd7 10. Kb1 a6 11. h4 h6 12. Nd4 Nxd4 13. Bxd4 Rg8 14. g3 O-O-O 15. Bg2 g5 16. hxg5 hxg5 17. Rh7 Rde8 18. Qe1 Kb8 19. Qh1 c6 20. Qf1 Bd8 21. f4 Bc7 22. Bg1 Bg4 23. Bf3 gxf4 24. gxf4 Qf5 25. Rh4 d5 26. Bxg4 Rxg4 27. Rxg4 Qxg4 28. Re1 Re4 29. Rxe4 dxe4 30. Be3 f5 31. a3 b5 32. Qc1 Kb7 33. Qd2 Qf3 34. b3 Kc8 35. Kb2 Qg4 36. Qh2 Qg7 37. Qh5 Qd7 38. Qh8+ Kb7 39. Qf8 Bd6 40. Qf6 Bb8 41. Qf8 Ba7 42. Bxa7 Kxa7 43. Qc5+ Kb7 44. a4 bxa4 45. Qb4+ Ka7 46. Qc5+ Kb7 47. Qb4+ Kc8 48. Qxa4 Kb7 49. Qb4+ Ka7 50. Qc5+ Kb7 51. Qb4+ 1/2-1/2

[Event "2BLW 2324 Klub Kölner SF - Aachener SV"]
[Site "?"]
[Date "2024.03.16"]
[Round "9.6"]
[White "Andersen, Hans-Christoph"]
[Black "Sonntag, Hans-Hubert"]
[Result "1/2-1/2"]
[WhiteElo "2212"]
[BlackElo "2283"]
[PlyCount "26"]
[EventDate "2024.??.??"]

1. d4 Nf6 2. Nf3 e6 3. Bf4 c5 4. e3 Nc6 5. Nc3 cxd4 6. exd4 Bb4 7. Bd3 Nd5 8. Bd2 Qa5 9. Ne2 Bxd2+ 10. Nxd2 Qc7 11. c3 O-O 12. O-O d6 13. Nc4 Nb6 {(=)} 1/2-1/2

[Event "2BLW 2324 Klub Kölner SF - Aachener SV"]
[Site "?"]
[Date "2024.03.16"]
[Round "9.7"]
[White "Meessen, Rudolf"]
[Black "Kurth, Justus"]
[Result "0-1"]
[WhiteElo "2171"]
[BlackElo "2258"]
[PlyCount "87"]
[EventDate "2024.??.??"]

1. d4 d5 2. Nc3 Nf6 3. Bf4 c5 4. e3 cxd4 5. exd4 a6 6. Nf3 Nc6 7. Ne5 e6 8. Nxc6 bxc6 9. Na4 Bd6 10. Bxd6 Qxd6 11. Bd3 O-O 12. O-O e5 13. dxe5 Qxe5 14. h3 Rb8 15. b3 Qd6 16. c4 a5 17. Rc1 Be6 18. Qd2 Qb4 19. Qc2 Rfd8 20. Rfd1 g6 21. Qe2 Nh5 22. Qf3 Qa3 23. g4 Ng7 24. Qf6 Qxa2 25. Nc5 Qa3 26. cxd5 cxd5 27. Ba6 Qb4 28. Bb7 Ne8 29. Qg5 h6 30. Qh4 Qf4 31. Re1 Ng7 32. Qe7 Re8 33. Nxe6 Nxe6 34. Qd7 Red8 35. Qe7 Ng5 36. Rc3 Nf3+ 37. Rxf3 Qxf3 38. Re3 Qf4 39. Kg2 Qd6 40. Qxd6 Rxd6 41. Re7 Kg7 42. Rc7 g5 43. Kf3 Rf8 44. Rc3 0-1

[Event "2BLW 2324 Klub Kölner SF - Aachener SV"]
[Site "?"]
[Date "2024.03.16"]
[Round "9.8"]
[White "Schmidt, Martin"]
[Black "Huesmann, Thomas"]
[Result "1/2-1/2"]
[WhiteElo "2232"]
[BlackElo "2178"]
[PlyCount "96"]
[EventDate "2024.??.??"]

1. d4 f5 2. Bf4 Nf6 3. Nc3 e6 4. e3 d5 5. Nb5 Na6 6. c4 c6 7. Nc3 dxc4 8. Bxc4 Nc7 9. Nf3 Ncd5 10. Bg3 Bb4 11. O-O Bxc3 12. bxc3 Nxc3 13. Qb3 Nfd5 14. Qa3 Ne4 15. Be5 Ndf6 16. h4 Qe7 17. Qb2 O-O 18. a4 b6 19. Bd3 Bd7 20. a5 b5 21. a6 Nd6 22. Qb4 Nfe8 23. Bg3 Nc8 24. Qxe7 Nxe7 25. Ne5 Nf6 26. Nxd7 Nxd7 27. Bd6 Kf7 28. Rfc1 Rfc8 29. f3 g6 30. e4 Nf6 31. Ra2 Ne8 32. Bc5 Rd8 33. g4 Nf6 34. g5 Ne8 35. Kf2 Ng7 36. Rac2 Nh5 37. Be2 f4 38. Bf1 Rd7 39. Bh3 Rad8 40. Rd1 Ng7 41. Rcd2 Nh5 42. Bg4 Nc8 43. Rc1 Ne7 44. Rdc2 Ng7 45. Ke1 Ne8 46. h5 gxh5 47. Bxh5+ Kg8 48. Bg4 Ng7 1/2-1/2

[Event "2BLW 2324 SV Koblenz - SG Porz"]
[Site "?"]
[Date "2024.03.17"]
[Round "10.1"]
[White "Lutz, Christopher"]
[Black "Seul, Georg"]
[Result "1-0"]
[WhiteElo "2527"]
[BlackElo "2359"]
[PlyCount "61"]
[EventDate "2024.??.??"]

1. e4 c6 2. d4 d5 3. e5 c5 4. Nf3 cxd4 5. Nxd4 Nc6 6. Nxc6 bxc6 7. Bd3 e6 8. Nd2 Ne7 9. Qe2 Ng6 10. Nf3 Be7 11. h4 f6 12. exf6 Bxf6 13. h5 Nf8 14. O-O Qd6 15. Re1 Rg8 16. Bd2 Rb8 17. Rab1 g5 18. b4 g4 19. Ne5 Qxe5 20. Qxe5 Bxe5 21. Rxe5 g3 22. Rf1 gxf2+ 23. Rxf2 Rb7 24. Re1 Rf7 25. Bf4 Rg4 26. Ref1 Nd7 27. Bd6 Rxf2 28. Rxf2 h6 29. Bg6+ Kd8 30. Rf7 e5 31. Rh7 1-0

[Event "2BLW 2324 SV Koblenz - SG Porz"]
[Site "?"]
[Date "2024.03.17"]
[Round "10.2"]
[White "Fritsche, Lutz"]
[Black "Xu, Xianliang"]
[Result "0-1"]
[WhiteElo "2310"]
[BlackElo "2461"]
[PlyCount "86"]
[EventDate "2024.??.??"]

1. e4 c5 2. Nc3 Nc6 3. g3 g6 4. d3 Bg7 5. Bg2 d6 6. Be3 Rb8 7. Qd2 b5 8. a3 a5 9. Rb1 b4 10. axb4 axb4 11. Nce2 Nf6 12. h3 b3 13. c3 O-O 14. f4 c4 15. e5 dxe5 16. Bxc6 Qc7 17. Bg2 cxd3 18. fxe5 dxe2 19. Nxe2 Nd7 20. Bf4 Nxe5 21. O-O Qc5+ 22. Nd4 Nc4 23. Qf2 e5 24. Nc6 Qxf2+ 25. Kxf2 exf4 26. Nxb8 Bf5 27. Nc6 Bxb1 28. Rxb1 Nd2 29. Rd1 fxg3+ 30. Kxg3 Nc4 31. Rd7 Bf6 32. Rb7 Re8 33. Bd5 Nd6 34. Rxb3 Re3+ 35. Kg2 Rd3 36. Nb4 Rd2+ 37. Kf3 Kg7 38. c4 Bd4 39. Nd3 Nf5 40. Be4 Nh4+ 41. Kg3 g5 42. c5 h5 43. Bd5 Bg1 0-1

[Event "2BLW 2324 SV Koblenz - SG Porz"]
[Site "?"]
[Date "2024.03.17"]
[Round "10.3"]
[White "Rotstein, Arkadij"]
[Black "Hammes, Michael"]
[Result "1-0"]
[WhiteElo "2460"]
[BlackElo "2324"]
[PlyCount "109"]
[EventDate "2024.??.??"]

1. c4 e6 2. Nf3 Nf6 3. e3 d5 4. Nc3 Be7 5. b3 O-O 6. Bb2 c5 7. cxd5 exd5 8. d4 Bg4 9. Be2 Nc6 10. dxc5 Bxc5 11. O-O a6 12. h3 Be6 13. Rc1 Ba7 14. Bd3 Qe7 15. Ne2 Rac8 16. Ned4 Nxd4 17. Bxd4 Bb8 18. Rxc8 Rxc8 19. Qa1 Ne8 20. Rc1 f6 21. Rxc8 Bxc8 22. Qb1 h6 23. Nh4 Qc7 24. Kf1 Bd7 25. a4 Qc6 26. Bh7+ Kf7 27. Qg6+ Kf8 28. Qh5 Ke7 29. g4 Be6 30. Bf5 Bxf5 31. Nxf5+ Kf8 32. Nh4 Ke7 33. Ng6+ Kd8 34. Qf5 Qd7 35. Qf3 b5 36. a5 Qc6 37. Bb6+ Bc7 38. Nf4 Bxb6 39. axb6 Qxb6 40. Qxd5+ Kc8 41. Ne6 b4 42. Nd4 a5 43. Qf7 Qd8 44. Qe6+ Kc7 45. Qc6+ Kb8 46. Qb5+ Kc8 47. Qa6+ Kd7 48. Nc6 Qc7 49. Nxa5 Qh2 50. Qc6+ Ke7 51. Qf3 Qd6 52. Nc6+ Kf7 53. Qe4 Nc7 54. Qc4+ Qd5 55. Nxb4 1-0

[Event "2BLW 2324 SV Koblenz - SG Porz"]
[Site "?"]
[Date "2024.03.17"]
[Round "10.4"]
[White "Stewart, Neil"]
[Black "Suvorov, Luca"]
[Result "0-1"]
[WhiteElo "2245"]
[BlackElo "2362"]
[PlyCount "64"]
[EventDate "2024.??.??"]

1. d4 d5 2. c4 e6 3. Nf3 a6 4. cxd5 exd5 5. Qc2 c6 6. Nc3 Be7 7. Bf4 Nf6 8. e3 Be6 9. Bd3 h6 10. h3 Nbd7 11. O-O O-O 12. a3 Rc8 13. Bh2 c5 14. Ne5 cxd4 15. exd4 Nxe5 16. Bxe5 Nd7 17. Bf4 Rc6 18. Rfe1 Nb6 19. Rad1 Re8 20. Qd2 Nc4 21. Bxc4 Rxc4 22. Qd3 Bf8 23. Qg3 Kh8 24. Re5 g5 25. Bxg5 hxg5 26. Rxg5 Bh6 27. Rh5 Qf6 28. Qe3 Kg7 29. Qg3+ Qg6 30. Qf3 Bg5 31. Nxd5 Bxd5 32. Qxd5 Qxh5 0-1

[Event "2BLW 2324 SV Koblenz - SG Porz"]
[Site "?"]
[Date "2024.03.17"]
[Round "10.5"]
[White "Korotkjevich, Stanislav"]
[Black "Repplinger, Marc"]
[Result "1-0"]
[WhiteElo "2361"]
[BlackElo "2203"]
[PlyCount "105"]
[EventDate "2024.??.??"]

1. d4 e6 2. Nf3 b6 3. e4 Bb7 4. Bd3 c5 5. O-O cxd4 6. Nxd4 Nc6 7. Be3 Nf6 8. Nc3 Ne5 9. Kh1 Neg4 10. Qf3 Bd6 11. Ndb5 Bb8 12. Bf4 Ne5 13. Bxe5 Bxe5 14. Qh3 Qb8 15. Rae1 a6 16. Na3 b5 17. Nab1 h5 18. Nd2 g5 19. g3 Bc6 20. Kg1 Kf8 21. Ne2 Qb6 22. c3 Rd8 23. Bc2 h4 24. g4 Rg8 25. Nf3 Bb8 26. Ned4 Bb7 27. Qg2 Qc7 28. h3 d6 29. Nd2 e5 30. Nf5 d5 31. exd5 Nxd5 32. Ne4 Nf4 33. Qf3 Rg6 34. Rd1 Rxd1 35. Rxd1 Kg8 36. Rd2 Ba7 37. Kh2 Bxe4 38. Qxe4 Kh8 39. Qa8+ Bb8 40. Ne3 Rd6 41. Rxd6 Qxd6 42. Qb7 Bc7 43. Qc8+ Bd8 44. Qf5 Qg6 45. Qxe5+ Bf6 46. Qe8+ Qg8 47. Qc6 Qd8 48. Qxa6 Kg8 49. Qxb5 Ne6 50. Nd5 Be5+ 51. Kg2 Bb8 52. Qc6 Kg7 53. a4 1-0

[Event "2BLW 2324 SV Koblenz - SG Porz"]
[Site "?"]
[Date "2024.03.17"]
[Round "10.6"]
[White "Bohn, Thomas"]
[Black "Pauly, Carlo"]
[Result "0-1"]
[WhiteElo "2291"]
[BlackElo "2311"]
[PlyCount "82"]
[EventDate "2024.??.??"]

1. f4 g6 2. Nf3 Bg7 3. e4 d5 4. e5 c5 5. d4 Nc6 6. dxc5 Qa5+ 7. Nc3 Bg4 8. Bb5 a6 9. Bxc6+ bxc6 10. Be3 Rb8 11. Qc1 Bxf3 12. gxf3 Nh6 13. a3 Nf5 14. b4 Qc7 15. Bf2 g5 16. Ne2 gxf4 17. Qxf4 e6 18. Bd4 h5 19. h4 Nxd4 20. Nxd4 Bxe5 21. Qe3 Rg8 22. Qd3 Bg3+ 23. Kd2 a5 24. Kc3 Bf2 25. Kb3 e5 26. Rae1 Kf8 27. Nf5 Bxe1 28. Rxe1 axb4 29. axb4 Rg6 30. Qe3 Re8 31. Ra1 Qd7 32. Nd6 d4 33. Qe4 Rxd6 34. cxd6 Qxd6 35. Qh7 Rb8 36. Ra4 Qd5+ 37. Kb2 Qb5 38. Ka3 Ke7 39. Ra7+ Kd6 40. Qh6+ Kd5 41. Rd7+ Kc4 0-1

[Event "2BLW 2324 SV Koblenz - SG Porz"]
[Site "?"]
[Date "2024.03.17"]
[Round "10.7"]
[White "Marcziter, Dmitrii"]
[Black "Marquardt, Christian"]
[Result "1-0"]
[WhiteElo "2188"]
[BlackElo "2033"]
[PlyCount "39"]
[EventDate "2024.??.??"]

1. d4 Nf6 2. c4 e6 3. Nf3 b6 4. a3 Bb7 5. Nc3 d5 6. cxd5 exd5 7. Bg5 Be7 8. e3 O-O 9. Qc2 h6 10. Bxf6 Bxf6 11. h4 c5 12. O-O-O g6 13. g4 Bg7 14. Kb1 Nd7 15. h5 Qf6 16. Nh4 cxd4 17. exd4 g5 18. Nf5 Rfd8 19. Qb3 Nf8 20. Bg2 1-0

[Event "2BLW 2324 SV Koblenz - SG Porz"]
[Site "?"]
[Date "2024.03.17"]
[Round "10.8"]
[White "Petersen, Henrik"]
[Black "Sabirov, Ramil"]
[Result "1/2-1/2"]
[WhiteElo "2139"]
[BlackElo "2102"]
[PlyCount "53"]
[EventDate "2024.??.??"]

1. e4 c5 2. Nf3 e6 3. d4 cxd4 4. Nxd4 Nc6 5. Nb5 d6 6. c4 Nf6 7. N5c3 Be7 8. Be2 O-O 9. O-O b6 10. Bf4 Bb7 11. Re1 Rc8 12. Nd2 Ne5 13. Rc1 a6 14. Bg3 Qc7 15. Bf1 Rfd8 16. h3 g6 17. Qe2 Bf8 18. Qe3 Bg7 19. b4 Ba8 20. f3 Nc6 21. b5 Nh5 22. Bf2 Be5 23. Qg5 Bf6 24. Qe3 Bd4 25. Qg5 Bf6 26. Qe3 Bd4 27. Qg5 1/2-1/2

[Event "2BLW 2324 Bad Emstal/Wolfhagen - SC Sieg"]
[Site "?"]
[Date "2024.03.17"]
[Round "10.1"]
[White "Hoffmann, Michael"]
[Black "Kuzubov, Yuriy"]
[Result "1/2-1/2"]
[WhiteElo "2407"]
[BlackElo "2605"]
[PlyCount "55"]
[EventDate "2024.??.??"]

1. Nf3 d5 2. e3 Nf6 3. c4 e6 4. b3 c5 5. cxd5 exd5 6. d4 Nc6 7. Be2 cxd4 8. Nxd4 Bb4+ 9. Bd2 Bd6 10. Bc3 O-O 11. Nd2 Bd7 12. O-O Qe7 13. Bb2 Rac8 14. Nxc6 bxc6 15. Rc1 Rfe8 16. g3 Bf5 17. Bxf6 Qxf6 18. Bg4 Bxg4 19. Qxg4 Qb2 20. Nf3 Qxa2 21. Nd4 h5 22. Qxh5 Qa6 23. Qg4 Qb7 24. Rfd1 Bf8 25. Rd3 c5 26. Ne2 d4 27. exd4 cxd4 28. Rcd1 1/2-1/2

[Event "2BLW 2324 Bad Emstal/Wolfhagen - SC Sieg"]
[Site "?"]
[Date "2024.03.17"]
[Round "10.2"]
[White "Sivuk, Vitaly"]
[Black "Baklan, Vladimir"]
[Result "1-0"]
[WhiteElo "2559"]
[BlackElo "2533"]
[PlyCount "36"]
[EventDate "2024.??.??"]

1. d4 Nf6 2. c4 e6 3. Nc3 Bb4 4. f3 d5 5. a3 Be7 6. e4 dxe4 7. fxe4 c5 8. d5 exd5 9. exd5 O-O 10. Be2 a6 11. Nf3 Bd6 12. Bg5 Re8 13. Qd2 Bg4 14. O-O Nbd7 15. h3 Bh5 16. Be3 Qc7 17. Nh4 Bg6 18. Nf5 Be5 1-0

[Event "2BLW 2324 Bad Emstal/Wolfhagen - SC Sieg"]
[Site "?"]
[Date "2024.03.17"]
[Round "10.3"]
[White "Kovchan, Alexander"]
[Black "Bogdanov, Egor"]
[Result "1-0"]
[WhiteElo "2477"]
[BlackElo "2409"]
[PlyCount "72"]
[EventDate "2024.??.??"]

1. e4 c5 2. Nf3 d6 3. d4 cxd4 4. Nxd4 Nf6 5. Nc3 g6 6. Be3 Bg7 7. f3 O-O 8. Qd2 Nc6 9. Bc4 Bd7 10. O-O-O Qa5 11. Kb1 Rfc8 12. Bb3 Ne5 13. h4 b5 14. Ncxb5 Qxd2 15. Rxd2 Rab8 16. a4 a6 17. Na3 Be8 18. a5 Rc5 19. Ne2 Rxa5 20. Nc3 Bc6 21. Bd4 Bh6 22. Rdd1 Nfd7 23. h5 Bg7 24. h6 Bf6 25. f4 Ng4 26. Nc4 Rh5 27. Rxh5 gxh5 28. Na5 Ba8 29. e5 dxe5 30. Ba7 Rc8 31. Rxd7 Bxg2 32. Bd5 Bh3 33. Ne4 exf4 34. Nc6 Kf8 35. Bc5 Nxh6 36. Nxf6 Bxd7 1-0

[Event "2BLW 2324 Bad Emstal/Wolfhagen - SC Sieg"]
[Site "?"]
[Date "2024.03.17"]
[Round "10.4"]
[White "Prokofiev, Valentyn"]
[Black "Omelja, Artem"]
[Result "0-1"]
[WhiteElo "2355"]
[BlackElo "2438"]
[PlyCount "62"]
[EventDate "2024.??.??"]

1. d4 d5 2. c4 e6 3. Nf3 Nf6 4. Nc3 Be7 5. Bf4 O-O 6. e3 b6 7. cxd5 exd5 8. Rc1 c5 9. Bd3 Be6 10. Ne5 a6 11. g4 Nfd7 12. h4 Nxe5 13. dxe5 Nc6 14. g5 d4 15. Ne4 dxe3 16. Nd6 exf2+ 17. Kf1 Bxd6 18. exd6 Qd7 19. h5 f6 20. g6 h6 21. Be4 Rae8 22. Kxf2 Nd4 23. Qd3 Bxa2 24. Bxh6 f5 25. Bc6 Qxc6 26. Qxd4 gxh6 27. Qd2 f4 28. b4 Bc4 29. Rhe1 Re3 30. Kg1 Rg3+ 31. Kh2 Qd7 0-1

[Event "2BLW 2324 Bad Emstal/Wolfhagen - SC Sieg"]
[Site "?"]
[Date "2024.03.17"]
[Round "10.5"]
[White "Zavgorodniy, Sergiy"]
[Black "Tobak, Mikhail"]
[Result "1/2-1/2"]
[WhiteElo "2387"]
[BlackElo "2325"]
[PlyCount "64"]
[EventDate "2024.??.??"]

1. b3 e5 2. Bb2 Nc6 3. e3 Nf6 4. Bb5 Bd6 5. Ne2 Ne7 6. Ng3 c6 7. Be2 Bc7 8. c4 d5 9. cxd5 cxd5 10. Nc3 a6 11. d4 e4 12. Ba3 O-O 13. Rc1 Re8 14. Nh5 Nxh5 15. Bxh5 g6 16. Be2 Nc6 17. h4 Be6 18. Na4 Ne7 19. g3 Nf5 20. Qd2 Rc8 21. Nc5 Qf6 22. Nxe6 fxe6 23. Bg4 h5 24. Be2 Bb8 25. O-O Rxc1 26. Rxc1 Nxh4 27. gxh4 Qxh4 28. f4 Qg3+ 29. Kh1 Qh3+ 30. Kg1 Qg3+ 31. Kh1 Qh3+ 32. Kg1 Qg3+ 1/2-1/2

[Event "2BLW 2324 Bad Emstal/Wolfhagen - SC Sieg"]
[Site "?"]
[Date "2024.03.17"]
[Round "10.6"]
[White "Kersten, Uwe"]
[Black "Dzierzenga, Stefan"]
[Result "1/2-1/2"]
[WhiteElo "2216"]
[BlackElo "2126"]
[PlyCount "48"]
[EventDate "2024.??.??"]

1. e4 g6 2. d4 Bg7 3. Nf3 c6 4. c3 d6 5. Nbd2 Nf6 6. h3 O-O 7. Be2 a5 8. a4 b6 9. O-O Re8 10. Re1 h6 11. Qc2 Qc7 12. Bd3 e5 13. dxe5 dxe5 14. Nc4 Nfd7 15. Be3 Na6 16. Bf1 Ndc5 17. Nfd2 Be6 18. Rab1 Nd7 19. b4 axb4 20. a5 c5 21. axb6 Nxb6 22. Nxb6 Qxb6 23. cxb4 Nxb4 24. Qxc5 Qxc5 1/2-1/2

[Event "2BLW 2324 Bad Emstal/Wolfhagen - SC Sieg"]
[Site "?"]
[Date "2024.03.17"]
[Round "10.7"]
[White "Albrecht, Oliver"]
[Black "Dovzik, Juri"]
[Result "1/2-1/2"]
[WhiteElo "2133"]
[BlackElo "2225"]
[PlyCount "73"]
[EventDate "2024.??.??"]

1. Nf3 d5 2. d4 Nf6 3. c4 c6 4. Nc3 a6 5. c5 Nbd7 6. Bf4 g6 7. e3 Nh5 8. Bd3 Nxf4 9. exf4 Nf6 10. O-O Bh6 11. g3 Bg4 12. Be2 Bxf3 13. Bxf3 O-O 14. Re1 e6 15. b4 Nd7 16. a4 b6 17. a5 b5 18. Qd3 Qf6 19. Rad1 Bg7 20. Bg2 Rfe8 21. Nb1 Qf5 22. Re3 Qxd3 23. Rdxd3 f5 24. Nd2 Kf7 25. Nf3 h6 26. h4 Bf6 27. Rd1 Rg8 28. Rde1 Rae8 29. Kf1 g5 30. fxg5 hxg5 31. hxg5 Bxg5 32. R3e2 Bf6 33. Bh3 Rh8 34. Kg2 Rhg8 35. Kf1 Rh8 36. Kg2 Rhg8 37. Kf1 1/2-1/2

[Event "2BLW 2324 Bad Emstal/Wolfhagen - SC Sieg"]
[Site "?"]
[Date "2024.03.17"]
[Round "10.8"]
[White "Cherny, Andrey"]
[Black "Kolkin, Michail"]
[Result "0-1"]
[WhiteElo "2192"]
[BlackElo "2331"]
[PlyCount "60"]
[EventDate "2024.??.??"]

1. b3 Nf6 2. Bb2 g6 3. e3 Bg7 4. Nf3 O-O 5. c4 c5 6. Be2 Nc6 7. O-O d5 8. cxd5 Qxd5 9. Nc3 Qf5 10. Na4 b6 11. Rc1 Rd8 12. d4 Bb7 13. Bd3 Qh5 14. Bb5 Rac8 15. Qe2 cxd4 16. exd4 Nd5 17. Qe4 Bh6 18. Rc2 Ndb4 19. Ne5 Nxe5 20. Rxc8 Bxe4 21. Rxd8+ Kg7 22. dxe5 Bf4 23. h3 Qg5 24. f3 Bf5 25. Rfd1 Bxh3 26. Bf1 Be3+ 27. Kh2 Be6 28. g4 Qh4+ 29. Bh3 Bf4+ 30. Kg1 Qg3+ 0-1

[Event "2BLW 2324 SF Lieme - SV Werder Bremen II"]
[Site "?"]
[Date "2024.03.17"]
[Round "10.1"]
[White "Colbow, Collin"]
[Black "Niermann, Tristan"]
[Result "0-1"]
[WhiteElo "2373"]
[BlackElo "2422"]
[PlyCount "84"]
[EventDate "2024.??.??"]

1. e4 c5 2. Nf3 d6 3. d4 cxd4 4. Nxd4 Nf6 5. Nc3 Nc6 6. Bg5 e6 7. Qd2 a6 8. O-O-O Bd7 9. f4 Be7 10. Nf3 b5 11. Bxf6 gxf6 12. f5 Qb6 13. Qh6 O-O-O 14. Qh5 Rhf8 15. Kb1 Kb8 16. Bd3 Rc8 17. Ne2 Qc5 18. Nf4 Nb4 19. c3 Nxd3 20. Nxd3 Qc4 21. Rhe1 Bc6 22. Ka1 d5 23. Nb4 Bxb4 24. Rd4 Qc5 25. cxb4 Qb6 26. e5 fxe5 27. Rxe5 Bb7 28. Qh6 Rg8 29. g3 Rc4 30. Qd2 Rgc8 31. Re1 Rc2 32. Qf4+ Ka8 33. a3 Rf2 34. fxe6 fxe6 35. Rd2 e5 36. Rxe5 Rf1+ 37. Ka2 Qc7 38. Rf5 Qc1 39. Rf8 Rxf3 40. Rxc8+ Bxc8 41. Qxf3 Qxd2 42. Qf7 Qd3 0-1